| 000 | 00431nam a2200133Ia 4500 | ||
|---|---|---|---|
| 008 | 220217s9999 xx 000 0 und d | ||
| 245 | 0 | _aRubber, chloroprene (CR)- General purpose types- Evaluation procedures | |
| 260 | _aSwitzerland | ||
| 260 |
_c1975 _bInternational Organization for Standards |
||
| 490 | _aRubber and rubber products | ||
| 500 | _aStandard number: ISO 2475. Ed 1 | ||
| 650 | _aRubber chloroprene | ||
| 942 | _cST | ||
| 999 |
_c74100 _d74100 |
||